000 00698nam a2200217 i 4500
001 bgj
100 1 _aROTERMUND, Erwin.
245 1 0 _aChristian Hofmann von Hofmannswaldau /
_cErwin Rotermund.
260 _aStuttgart :
_bJ. B. Metzlersche Verlagsbuchhandlung,
_c1963.
300 _a94 s. ;
_c19 cm.
490 1 _aSammlung Metzler
_pRealienbücher für Geramnisten, Abt. D: Literaturgeschichte
_v29
504 _aIndeks.
650 9 _aLiteratura niemiecka
830 _aSammlung Metzler
_pRealienbücher für Geramnisten, Abt. D: Literaturgeschichte
040 _cBPK
041 0 _ager
044 _aDEU
080 _a821.112.2
942 _cKS
008 s gw f |000 0 ger
999 _c50468
_d50468
856 _uhttp://koha.tu.koszalin.pl/cgi-bin/koha/opac-detail.pl?biblionumber=50468
_yKatalog online BPK